000 01025cam a2200289 i 4500
001 18934296
005 20260630153408.0
008 160112s2016 ilu 001 0ceng
010 _a 2016000448
020 _a9781433548925
035 _a18934296
040 _aDLC
_beng
_cDLC
_erda
_dDLC
042 _apcc
050 0 0 _aBR1713
_b.H39 2016
082 0 0 _a270.092/52
_aB
_223
100 1 _aHaykin, Michael A. G.,
_eauthor.
245 1 0 _aEight women of faith /
_cMichael A.G. Haykin.
300 _a160 pages ;
_c22 cm
500 _aIncludes indexes.
583 _aCataloguing:
_c20260630
_kmketermketer
650 0 _aChristian women
_xBiography.
650 0 _aWomen in Christianity.
776 0 8 _iOnline version:
_aHaykin, Michael A. G., author.
_tEight women of faith
_dWheaton : Crossway, 2016
_z9781433548956
_w(DLC) 2016012254
906 _a7
_bcbc
_corignew
_d1
_eecip
_f20
_gy-gencatlg
942 _2lcc
_cBK
999 _c21733
_d21732